Les pilotes de f1 - 2023 - Statistiques

Statistiques générales
  • Ce quiz a été pris 33 fois
  • Le résultat moyen est 17 sur 20
Statistiques - réponses
écuries pilotes % Correct
lewis hamilton
100%
ferrari charles leclerc
97%
red bull max verstappen
97%
carlos sainz
93%
alpine pierre gasly
93%
yuki tsunoda
93%
esteban ocon
90%
aston martin fernando alonso
90%
lance stroll
90%
mclaren lando norris
90%
sergio perez
90%
mercedes george russell
87%
oscar piastri
87%
alfa romeo valterri bottas
83%
kevin magnussen
77%
zhou guanyu
77%
haas nico hulkenberg
73%
williams alex albon
67%
alpha tauri daniel ricciardo
60%
logan sargeant
60%
Aucun quiz correspondant
Distribution des résultats
% des personnes avec chaque résultat
Percentile par nombre de réponses
Votre historique - résultats
Vous n’avez pas pris ce quiz